000
00217nam a22000857a 4500
008
160820b xxu||||| |||| 00| 0 eng d
100
_9
185
_a
Jai
245
_a
Hindi Story Book
260
_a
New Delhi
_b
Children Book Trust
_c
2009
999
_c
2843
_d
2843